000 00553nam a2200181Ia 4500
005 20250326123515.0
008 250326s9999 xx 000 0 und d
037 _aTextbook
040 _aFMSL
_beng
_cFMSL
041 _aeng
_2eng
084 _aX:8 P6
_qFMSL
100 _aFearon D S
_9735328
245 0 _aInside knowledge : rediscovering the source of performance improvement
_cFearon D S; Cavaleri S A
260 _aUnited Kingdom
_bUnited Kingdom, Pearson
_c2006
300 _a281p
942 _cTB
_hX:8 P6
999 _c1269671
_d1269671